Mobility, Security and Web Services: Technologies and Service-oriented Architectures for a new Era of IT Solutions /

Gespeichert in:
Bibliographische Detailangaben
1. Verfasser: Wiehler, Gerhard (Verfasst von)
Format: Buch
Sprache:Englisch
Veröffentlicht: Erlangen Publicis Corporate Publishing 2004
Ausgabe:1. vyd
Schlagworte:
Tags: Tag hinzufügen
Keine Tags, Fügen Sie das erste Tag hinzu!

MARC

LEADER 00000nam a22000003a 4500
001 0016575
003 SK-STU
005 20160819112035.4
007 ta
008 160819s ----xo-----e------000-0-----d
020 |a 3-89578-229-7 
040 |a STU  |b slo 
041 0 |a eng 
100 1 |a Wiehler, Gerhard  |4 aut 
245 1 0 |a Mobility, Security and Web Services:  |b Technologies and Service-oriented Architectures for a new Era of IT Solutions /  |c aut. Gerhard Wiehler 
250 |a 1. vyd 
260 |a Erlangen  |b Publicis Corporate Publishing  |c 2004 
300 |a 219 s. 
650 0 7 |a komunikačné technológie 
996 |b 284ID00157  |c I*11I5547  |l II680  |s A  |a 24  |w 0016575_0001